Nové metódy zvýšenia bezpečnosti Internetu vecí v rámci konceptu Industry 4.0
Saved in:
| Main Author: | |
|---|---|
| Other Authors: | |
| Format: | Manuscript Book |
| Language: | Slovak |
| Published: |
2021
|
| Subjects: | |
| Online Access: | http://is.stuba.sk/zp/portal_zp.pl?podrobnosti=143579 |
| Tags: |
No Tags, Be the first to tag this record!
|
MARC
| LEADER | 00000ntm a22000003a 4500 | ||
|---|---|---|---|
| 001 | stuzp66028 | ||
| 003 | SK-STU | ||
| 005 | 20211022075923.1 | ||
| 007 | ta | ||
| 008 | 150427s2015----xo-----f-mn---000-0-slo-d | ||
| 035 | |a biblio/427295 |2 CREPC2 | ||
| 040 | |a STU |b slo | ||
| 041 | 0 | |a slo | |
| 044 | |a xo | ||
| 100 | 1 | |a Horák, Tibor |u 066000 |k Z2 |4 aut |9 100 |U MTF Materiálovotechnologická fakulta |T MTF Ústav aplikovanej informatiky, automatizácie a mechatroniky |X 8418 |U M6000 |Y 86 |7 8418 | |
| 242 | 0 | 1 | |a New methods to increase the security of the Internet of Things in the concept of the Industry 4.0 |y eng |
| 245 | 1 | 0 | |a Nové metódy zvýšenia bezpečnosti Internetu vecí v rámci konceptu Industry 4.0 |
| 260 | |c 2021 | ||
| 300 | |a 115 s. | ||
| 650 | 4 | |a Internet vecí |2 slo | |
| 650 | 4 | |a DDoS útoky |2 slo | |
| 650 | 4 | |a priemyselne IoT |2 slo | |
| 650 | 4 | |a výrobná linka |2 slo | |
| 650 | 4 | |a zabezpečenie |2 slo | |
| 650 | 4 | |a Internet of Things |2 eng | |
| 650 | 4 | |a DDoS attack |2 eng | |
| 650 | 4 | |a industrial IoT |2 eng | |
| 650 | 4 | |a production line |2 eng | |
| 650 | 4 | |a security |2 eng | |
| 700 | 1 | |a Huraj, Ladislav |4 ths |X 67831 |7 67831 | |
| 856 | 4 | |u http://is.stuba.sk/zp/portal_zp.pl?podrobnosti=143579 | |
| 996 | |c M* DzP-674 |l MMSKP |s P |a 0 |w stuzp66028_0001 | ||